000 00305nam a22001337a 4500
008 181012b xxu||||| |||| 00| 0 eng d
020 _a0312353073
041 _aeng
080 _a316
100 _a50
101 _aSOC
245 _aA Guide to Writing Sociology Papers
_cMatthews, N.A
942 _2udc
_cBK
999 _c49598
_d49598